Catholic University of Zimbabwe Library
Online Public Access Catalogue
(OPAC)

Llegando tarde al compromiso (Record no. 26490)

MARC details
000 -LEADER
fixed length control field 01825cam a22004694a 4500
001 - CONTROL NUMBER
control field muse85050
003 - CONTROL NUMBER IDENTIFIER
control field MdBmJHUP
005 - DATE AND TIME OF LATEST TRANSACTION
control field 20210127151633.0
006 - FIXED-LENGTH DATA ELEMENTS--ADDITIONAL MATERIAL CHARACTERISTICS
fixed length control field m o d
007 - PHYSICAL DESCRIPTION FIXED FIELD--GENERAL INFORMATION
fixed length control field cr||||||||nn|n
008 - FIXED-LENGTH DATA ELEMENTS--GENERAL INFORMATION
fixed length control field 000425s2000 mx o 00 0 spa d
010 ## - LIBRARY OF CONGRESS CONTROL NUMBER
Canceled/invalid LC control number 00315613
020 ## - INTERNATIONAL STANDARD BOOK NUMBER
International Standard Book Number 9786076287880
020 ## - INTERNATIONAL STANDARD BOOK NUMBER
Canceled/invalid ISBN 968120820X
020 ## - INTERNATIONAL STANDARD BOOK NUMBER
Canceled/invalid ISBN 9789681208202
035 ## - SYSTEM CONTROL NUMBER
System control number (OCoLC)652374505
040 ## - CATALOGING SOURCE
Original cataloging agency MdBmJHUP
Transcribing agency MdBmJHUP
043 ## - GEOGRAPHIC AREA CODE
Geographic area code n-mx---
050 04 - LIBRARY OF CONGRESS CALL NUMBER
Classification number HE311.M62
Item number M4935 2000
100 1# - MAIN ENTRY--PERSONAL NAME
Personal name Islas Rivera, Víctor.
245 10 - TITLE STATEMENT
Title Llegando tarde al compromiso
Remainder of title la crisis del transporte en la Ciudad de México /
Statement of responsibility, etc. Víctor Islas Rivera.
264 #1 - PRODUCTION, PUBLICATION, DISTRIBUTION, MANUFACTURE, AND COPYRIGHT NOTICE
Name of producer, publisher, distributor, manufacturer El Colegio de Mexico, Centro de Estudios Demográficos y de Desarrollo Urbano, Programa sobre Ciencia, Tecnología y Desarrollo,
264 #3 - PRODUCTION, PUBLICATION, DISTRIBUTION, MANUFACTURE, AND COPYRIGHT NOTICE
Name of producer, publisher, distributor, manufacturer Project MUSE,
300 ## - PHYSICAL DESCRIPTION
Extent 1 online resource (603 p.)
504 ## - BIBLIOGRAPHY, ETC. NOTE
Bibliography, etc. note Includes bibliographical references (p. [595]-603).
506 0# - RESTRICTIONS ON ACCESS NOTE
Terms governing access Open Access
Standardized terminology for access restriction Unrestricted online access
Source of term star
588 ## - SOURCE OF DESCRIPTION NOTE
Source of description note Description based on print version record.
650 #0 - SUBJECT ADDED ENTRY--TOPICAL TERM
Topical term or geographic name entry element Air
General subdivision Pollution
Geographic subdivision Mexico
-- Mexico City.
650 #0 - SUBJECT ADDED ENTRY--TOPICAL TERM
Topical term or geographic name entry element Transportation and state
Geographic subdivision Mexico
-- Mexico City.
650 #0 - SUBJECT ADDED ENTRY--TOPICAL TERM
Topical term or geographic name entry element Transportation
General subdivision Environmental aspects
Geographic subdivision Mexico
-- Mexico City.
650 #0 - SUBJECT ADDED ENTRY--TOPICAL TERM
Topical term or geographic name entry element Local transit
General subdivision Environmental aspects
Geographic subdivision Mexico
-- Mexico City.
650 #0 - SUBJECT ADDED ENTRY--TOPICAL TERM
Topical term or geographic name entry element Local transit
Geographic subdivision Mexico
-- Mexico City.
650 #0 - SUBJECT ADDED ENTRY--TOPICAL TERM
Topical term or geographic name entry element Transportation
Geographic subdivision Mexico
-- Mexico City.
655 #7 - INDEX TERM--GENRE/FORM
Genre/form data or focus term Electronic books.
Source of term local
710 2# - ADDED ENTRY--CORPORATE NAME
Corporate name or jurisdiction name as entry element Project Muse.
Relator term distributor
830 #0 - SERIES ADDED ENTRY--UNIFORM TITLE
Uniform title Book collections on Project MUSE.
856 40 - ELECTRONIC LOCATION AND ACCESS
Public note Full text available:
Uniform Resource Identifier <a href="https://muse.jhu.edu/book/74685/">https://muse.jhu.edu/book/74685/</a>
Holdings
Withdrawn status Lost status Source of classification or shelving scheme Damaged status Not for loan Home library Current library Shelving location Date acquired Total Checkouts Full call number Date last seen Uniform Resource Identifier Price effective from Koha item type
          Digital Library Digital Library Online Access 27.01.2021   HE311.M62 M4935 2000 27.01.2021 https://muse.jhu.edu/book/74685/ 27.01.2021 eBook

OPENING HOURS

Weekdays: 0815hrs - 1800hrs
Weekends:0900hrs - 1200hrs

Closed for Mass:

Mon, Thur: 1200hrs - 1300hrs
Sunday & Public Holiday’s

CALL SUPPORT

0242-570570, 0242-570169
09200664, +263 8644140602

LOCATION

18443, Cranborne Avenue, Hatfield, Harare

Other Links


©2021 | CUZ Library